A Grammatical Sketch of Chindali ( Malaw (Record no. 43307)
[ view plain ]
| 000 -LEADER | |
|---|---|
| fixed length control field | 00499nam a22001811a 4500 |
| 020 ## - INTERNATIONAL STANDARD BOOK NUMBER | |
| Terms of availability | 0.00 |
| 040 ## - CATALOGING SOURCE | |
| Original cataloging agency | NEGST Library - Kenya |
| 050 ## - LIBRARY OF CONGRESS CALL NUMBER | |
| Classification number | PL 8025.B68 2007 |
| 100 ## - MAIN ENTRY--PERSONAL NAME | |
| Personal name | Botne, Robert. |
| 245 ## - TITLE STATEMENT | |
| Title | A Grammatical Sketch of Chindali ( Malaw |
| Medium | [Text] |
| 260 ## - PUBLICATION, DISTRIBUTION, ETC. (IMPRINT) | |
| Date of publication, distribution, etc | 2007 |
| 300 ## - PHYSICAL DESCRIPTION | |
| Extent | xiv, 188 p. |
| 500 ## - GENERAL NOTE | |
| General note | [Africana] |
| 600 ## - SUBJECT ADDED ENTRY--PERSONAL NAME | |
| Personal name | Bantu languages. |
| 600 ## - SUBJECT ADDED ENTRY--PERSONAL NAME | |
| Personal name | Chindali Language - Grammar |
| 852 ## - LOCATION/CALL NUMBER | |
| -- | 8.00 |
| Withdrawn status | Lost status | Source of classification or shelving scheme | Damaged status | Not for loan | Collection code | Home library | Current library | Shelving location | Date acquired | Source of acquisition | Cost, normal purchase price | Full call number | Barcode | Date last seen | Copy number | Price effective from | Koha item type |
|---|---|---|---|---|---|---|---|---|---|---|---|---|---|---|---|---|---|
| Library of Congress Classification | Special Collection | AIU/NEGST - Tony Wilmot Memorial Library | AIU/NEGST - Tony Wilmot Memorial Library | Special Collection | 02/16/2010 | Donation- SIL | 8.00 | S PL 8025.B68 2007 | R41260L3232 | 09/26/2019 | 1 | 02/16/2010 | Africana Collection (Special) |
